A complete guide to career planning / (Record no. 143397)

MARC details
000 -LEADER
fixed length control field 00582nam a22001937a 4500
005 - DATE AND TIME OF LATEST TRANSACTION
control field 20170816120405.0
010 ## - LCCN (DPL NO)
LC control number ENG-119692
020 ## - INTERNATIONAL STANDARD BOOK NUMBER
Terms of availability 295.00
International Standard Book Number 9381588775
020 ## - INTERNATIONAL STANDARD BOOK NUMBER
Terms of availability 295.00
International Standard Book Number 9789381588772
035 ## - SYSTEM CONTROL NUMBER
System control number EN-103224
037 ## - SOURCE OF ACQUISITION
Source of stock number/acquisition DBAD/PUB
082 ## - DEWEY DECIMAL CLASSIFICATION NUMBER
Classification number 650.14
100 ## - MAIN ENTRY--PERSONAL NAME
Personal name Bhuyan, Devajit
245 ## - TITLE STATEMENT
Title A complete guide to career planning /
Statement of responsibility, etc by Devajit Bhuyan
260 ## - PUBLICATION, DISTRIBUTION, ETC. (IMPRINT)
Place of publication, distribution, etc New Delhi
Name of publisher, distributor, etc V & S Publishers
Date of publication, distribution, etc 2013
270 ## - ADDRESS
Address F-2/16, Ansari Road, Daryaganj
City New Delhi
Postal code 110002
300 ## - PHYSICAL DESCRIPTION
Extent 419p.
Dimensions 24cm(pbk)
Accompanying material CD ROMs
942 ## - ADDED ENTRY ELEMENTS (KOHA)
Source of classification or shelving scheme Dewey Decimal Classification
Item type English Books
Classification part 650.14
Call number suffix BHU
Holdings
Withdrawn status Lost status Not for loan Collection code Home library Current library Date acquired Source of acquisition Cost, normal purchase price Full call number Barcode Copy number Cost, replacement price Koha item type
    Not For Loan Non-fiction D.B.Act.Division Bawana 16/08/2017 DBAD/PUB 295.00 650.14 BHU EN-103224 1 295.00 English Books

© Delhi Public Library
Hit Counter
free hit counter